| 000 | 01273cam a22003371i 4500 | ||
|---|---|---|---|
| 003 | SA-RiAUC | ||
| 005 | 20241201090350.0 | ||
| 008 | 241130s2005 le a g b 000 0 ara c | ||
| 020 | _a9953429812 | ||
| 040 |
_aSA-JeALM _bara _cSA-RiAUC _erda |
||
| 050 | 4 | _bN34 2005 | |
| 082 | 0 | 4 |
_a229.7 _qSA-RiAUC |
| 090 |
_a229.7 _bن ج ا |
||
| 100 | 1 |
_aالنجار، زغلول راغب محمد، _d1933- _eمؤلف. |
|
| 245 | 1 | 0 |
_aمن آيات الإعجاز العلمي : _bالسماء في القرآن الكريم / _cزغلول راغب محمد النجار. |
| 246 | 3 | 0 | _aالسماء في القرآن الكريم |
| 250 | _aالطبعة الثالثة. | ||
| 264 | 1 |
_aبيروت : _bدار المعرفة، _c2004 |
|
| 300 |
_a608 صفحة : _bإيضاحيات ؛ _c24 سم |
||
| 336 |
_aنص _btxt _2rdacontent _3كتاب |
||
| 337 |
_aبدون وسيط _bn _2rdamedia |
||
| 338 |
_aمجلد _bnc _2rdacarrier |
||
| 504 | _aببليوجرافية : صفحة 599-608. | ||
| 590 | _aH-Ba. | ||
| 630 | 2 | 7 |
_aالقرآن _xإعجاز علمي _2aucut |
| 630 | 2 | 7 |
_aالقرآن _xإعجاز _2aucut |
| 650 | 7 |
_aالسماء في القرآن _2aucsh |
|
| 730 | 2 | 2 | _aالقرآن |
| 942 |
_2ddc _cBOOK _n0 |
||
| 949 |
_aSA-JeALM _d241130 _umohamedma123 _n1 |
||
| 999 |
_c2884 _d2884 |
||